000 00743nmc a2200277 a 4500
003 AR-BaBNM
005 20251128202818.0
008 206019s1962 ||||||||||||||000 | spa||
040 _cAR-BaBNM
100 1 _aImbert, Julio
_d1918-
245 1 0 _aGregorio de Laferrère
260 _aBuenos Aires
_bEdiciones Culturales Argentinas
_c1962
300 0 _a143 p.
_bláms.
490 0 _aBiblioteca del sesquicentenario. Cuadernos culturales
650 4 _aBIOGRAFIAS
650 4 _aLITERATURA
650 4 _aTEATRO
650 4 _aCULTURA
650 4 _aHISTORIA
651 4 _aArgentina
655 _aBIOGRAFIAS
700 1 _aEnsinck, Graciela
_ecolaborador
800 1 _aGonzález, Héctor Blas
_edirector
942 _cBK
998 _cEnrique
999 _c699
_d699